Socialismo democrático y movimiento obrero

שמור ב:
מידע ביבליוגרפי
מחבר ראשי: Solórzano Martínez, Mario
פורמט: Texto
יצא לאור: Heredia: CEDAL
תגים: הוספת תג
אין תגיות, היה/י הראשונ/ה לתייג את הרשומה!

MARC

LEADER 00000 a a2200000 04500
001 20415
003
040
090 |a 085400  
100 |a Solórzano Martínez, Mario  
245 |a Socialismo democrático y movimiento obrero  
260 |a Heredia:   |b CEDAL  
300 |a 17 p.  
999 |c 16937  |d 16937